Générique Rupert - Paroles - Statistiques

Statistiques générales
  • Ce quiz a été pris 8 fois
  • Le résultat moyen est 10 sur 11
Statistiques - réponses
Paroles % Correct
Cà c'est {Rupert}
100%
Cà c'est {Rupert}
100%
Il ne se fait que des {amis}
100%
Rupert, {Rupert}
100%
Rupert, {Rupert}
100%
Super, {Rupert}
100%
Toujours partant dans la {vie}
100%
Et c'est pour çà qu'on l'{aime}
88%
Il résout tout les {problèmes}
88%
Ourson voyageur qui fait le tour de la {Terre}
88%
C'est l'ourson le plus {téméraire}
75%
Aucun quiz correspondant
Distribution des résultats
% des personnes avec chaque résultat
Percentile par nombre de réponses
Votre historique - résultats
Vous n’avez pas pris ce quiz